History Quiz

Random History or Decade Quiz

American History: 1930s Quiz Stats

 Plays Quiz Updated Jun 28, 2015

Challenge
Share
Tweet
Embed
Score 0/20 Timer 04:00
1 Play Today
Question Answer % Correct
Two-word term for the period of economic downturn throughout the 1930sGreat Depression
96%
With J. Edgar Hoover at the helm, this law enforcement agency beganFBI
93.6%
People passed 'Go' for the first time when this property-themed board game reached storesMonopoly
93.5%
After releasing 'Snow White and the Seven Dwarfs,' a golden age starts for this man's empireWalt Disney
93.3%
In 1933, the twenty-first Amendment ended this nationwide ban on alcoholProhibition
90.8%
This NYC skyscraper was the tallest building in the world from its 1931 opening until 1970Empire State Building
88.8%
This legendary criminal couple met a bloody end in an ambush in LouisianaBonnie and Clyde
88.7%
The first appearance of this superhero was in Action Comics #1Superman
88.6%
This singing and dancing child actor was the number one box office draw in the US from 1935 to 1938Shirley Temple
84.8%
General name for the policies and programs FDR established to fight this economic downturnNew Deal
83.5%
Question Answer % Correct
Term used to describe the period of extreme drought that plagued the US and Canadian prairiesDust Bowl
83.4%
'Oh, the humanity!'; this zeppelin exploded, killing 36 peopleLZ 129 Hindenburg
82.2%
This 1939 John Steinbeck novel followed a family fleeing the plights of 1930s agricultural lifeThe Grapes of Wrath
79.9%
The decade began with many people living in these shanty towns named after the former presidentHoovervilles
70.3%
This Yankee and baseball legend delivered his 'Luckiest Man' speech in 1939Lou Gehrig
70%
Seeking new opportunities, many 'Okies' journeyed to California using this roadU.S. Route 66
63.3%
FDR's Tennessee Valley Authority Act brought this 20th century 'luxury' to Southern statesElectricity
60.5%
The first NCAA basketball Division I title was won by this western state's schoolOregon
45%
This union began a sit-down strike against GM in Flint, Michigan that lasted 44 days and reached 35 citiesUnited Auto Workers
39%
This woman was the first in the US Cabinet, serving 12 years as Secretary of Labor starting in 1933 Frances Perkins
12.4%

You're not logged in!

Compare scores with friends on all Sporcle quizzes.
Join for Free
OR
Log In

You Might Also Like...

Show Comments

Extras

Top Quizzes Today


Score Distribution

Your Account Isn't Verified!

In order to create a playlist on Sporcle, you need to verify the email address you used during registration. Go to your Sporcle Settings to finish the process.

Report this User

Report this user for behavior that violates our Community Guidelines.

Details: